Návrat. /
Uložené v:
| Hlavný autor: | |
|---|---|
| Médium: | Kniha |
| Jazyk: | Slovak English |
| Vydané: |
Bratislava :
Slovenský spisovateľ, odd.odbytu,
1994
|
| Vydanie: | 1. vyd. |
| Edícia: | SPKK
|
| Témy: | |
| ISBN: |
8022005584 (viaz.) |
| Fyzický popis: |
231 s. |
| Tagy: |
Pridať tag
Žiadne tagy, Buďte prvý kto otaguje tento záznam!
|
Titul je dostupný aj v ... 

MARC
| LEADER | 00000nam a2200000 a 4500 | ||
|---|---|---|---|
| 001 | 000034026 | ||
| 003 | SVKK | ||
| 005 | 19950217000000.0 | ||
| 008 | 950131s1994 xo e sloo | ||
| 020 | |a 8022005584 (viaz.) | ||
| 040 | |a SVKKK |b slo |c SVKKK |e AACR2 | ||
| 041 | 1 | |a slo |h eng | |
| 044 | |a xo |c SK | ||
| 080 | |a 820-3 Francis, D.=854 |2 1997 | ||
| 100 | 1 | |a Francis, Dick, |d 1920-2010 |4 aut | |
| 245 | 1 | 0 | |a Návrat. / |c Dick Francis |
| 250 | |a 1. vyd. | ||
| 260 | |a Bratislava : |b Slovenský spisovateľ, odd.odbytu, |c 1994 | ||
| 300 | |a 231 s. | ||
| 440 | 0 | |a SPKK | |
| 655 | 7 | |a umelecká literatúra |2 SVKKKPH | |
| 910 | |a svkkk | ||
| 919 | |a 80-220-0558-4 | ||
| 974 | |a EG |d 19950207 | ||
| 974 | |a PA |d 19950202 | ||
| 974 | |a EG |d 19950217 | ||
| 998 | |a BK | ||
| 090 | |g SCKHL |k Sklad Pribinova 2. posch. |a III.165528 |j 878111 |i 2720628746 |s Absenčne | ||